| 000 | 04093cam a22005297i 4500 | ||
|---|---|---|---|
| 001 | 23149147 | ||
| 003 | OSt | ||
| 005 | 20230907131324.0 | ||
| 006 | m o d | ||
| 007 | cr cnu---unuuu | ||
| 008 | 210729s2022 enk ob 001 0 eng d | ||
| 010 | _a 2021762294 | ||
| 020 | _z9781032233499 | ||
| 020 | _z9781138056794 | ||
| 035 | _a(OCoLC)1262136394 | ||
| 037 |
_a9781003195795 _bTaylor & Francis |
||
| 040 |
_aN$T _beng _erda _epn _cN$T _dN$T _dOCLCO _dTYFRS _dOCLCF _dOCLCQ _dOCLCO _dOCLCQ _dDLC |
||
| 042 | _alccopycat | ||
| 043 | _aa-ii--- | ||
| 050 | 0 | 0 | _aHX391.5 |
| 072 | 7 |
_aPOL _x054000 _2bisacsh |
|
| 072 | 7 |
_aPOL _x005000 _2bisacsh |
|
| 072 | 7 |
_aPOL _x010000 _2bisacsh |
|
| 072 | 7 |
_a1F _2bicssc |
|
| 082 | 0 | 4 |
_a320.532095483 _bMAN/C |
| 100 | 1 |
_aMannathukkaren, Nissim _eauthor. _99438 |
|
| 245 | 1 | 0 |
_aCommunism, subaltern studies and postcolonial theory : _bthe left in south India / _cNissim Mannathukkaren. |
| 264 | 1 |
_aAbingdon, Oxon : _bRoutledge, _c2022. |
|
| 300 | _a437 p | ||
| 504 | _aIncludes bibliographical references and index. | ||
| 520 | _aThis book is a thematic history of the communist movement in Kerala, the first major region (in terms of population) in the world to democratically elect a communist government. It analyzes the nature of the transformation brought about by the communist movement in Kerala, and what its implications could be for other postcolonial societies. The volume engages with the key theoretical concepts in postcolonial theory and Subaltern Studies, and contributes to the debate between Marxism and postcolonial theory, especially its recent articulations. The volume presents a fresh empirical engagement with theoretical critiques of Subaltern Studies and postcolonial theory, in the context of their decades-long scholarship in India. It discusses important thematic moments in Kerala's communist history which include -- the processes by which it established its hegemony, its cultural interventions, the institution of land reforms and workers' rights, and the democratic decentralization project, and, ultimately, communism's incomplete national-popular and its massive failures with regard to the caste question. A significant contribution to scholarship on democracy and modernity in the Global South, this volume will be of great interest to scholars and researchers of politics, specifically political theory, democracy and political participation, political sociology, development studies, postcolonial theory, Subaltern Studies, Global South Studies, and South Asia Studies. | ||
| 545 | 0 | _aNissim Mannathukkaren is Associate Professor in the International Development Studies Department at Dalhousie University, Canada. He is the author of the book The Rupture with Memory: Derrida and the Specters that Haunt Marxism(2006). His research has been published in journals such as Citizenship Studies, Journal of Peasant Studies, Third World Quarterly, Economic and Political Weekly, Journal of Critical Realism, International Journal of the History of Sport, Dialectical Anthropology, Inter-Asia Cultural Studies, and Sikh Formations. He is a regular op-ed contributor to the English-language press in India. | |
| 588 | 0 | _aPrint version record. | |
| 650 | 0 |
_aCommunism _zIndia _zKerala _xHistory. |
|
| 650 | 0 |
_aPostcolonialism _zIndia _zKerala. |
|
| 650 | 6 |
_aPostcolonialisme _zInde _zKerala. |
|
| 650 | 7 |
_aPOLITICAL SCIENCE _xPolitical Ideologies _xCommunism & Socialism. _2bisacsh |
|
| 650 | 7 |
_aPOLITICAL SCIENCE _xHistory & Theory. _2bisacsh |
|
| 650 | 7 |
_aCommunism. _2fast _0(OCoLC)fst00870421 |
|
| 650 | 7 |
_aPolitics and government. _2fast _0(OCoLC)fst01919741 |
|
| 650 | 7 |
_aPostcolonialism. _2fast _0(OCoLC)fst01073032 |
|
| 651 | 0 |
_aKerala (India) _xPolitics and government. |
|
| 651 | 7 |
_aIndia _zKerala. _2fast _0(OCoLC)fst01205181 |
|
| 655 | 7 |
_aHistory. _2fast _0(OCoLC)fst01411628 |
|
| 776 | 0 | 8 |
_iPrint version: _aMANNATHUKKAREN, NISSIM. _tCOMMUNISM, SUBALTERN STUDIES AND POSTCOLONIAL THEORY. _d[Place of publication not identified] : ROUTLEDGE INDIA, 2021 _z1138056790 _w(OCoLC)1237631445 |
| 942 |
_2ddc _cBK |
||
| 999 |
_c42141 _d42141 |
||